Acts That Have Won Eurovision - Statistics

General Stats
  • This quiz has been taken 11 times
    3 since last reset
  • The average score is 19 of 69
Answer Stats
Year Country Answer % Correct
2021 Italy Maneskin
100%
1974 Sweden Abba
67%
1981 United Kingdom Bucks Fizz
67%
1988 Switzerland Celine Dion
67%
1970 Ireland Dana
67%
1998 Israel Dana International
67%
1980 Ireland Johnny Logan
67%
1987 Ireland Johnny Logan
67%
1997 United Kingdom Katrina and the Waves
67%
2010 Germany Lena
67%
1992 Ireland Linda Martin
67%
2012 Sweden Loreen
67%
1967 United Kingdom Sandie Shaw
67%
2009 Norway Alexander Rybak
33%
1985 Norway Bobbysocks!
33%
1976 United Kingdom Brotherhood of Man
33%
1991 Sweden Carola
33%
1999 Sweden Charlotte Nilsson
33%
2014 Austria Conchita Wurst
33%
2008 Russia Dima Bilan
33%
2019 Netherlands Duncan Lawrence
33%
1996 Ireland Eimar Quinn
33%
2005 Greece Helena Paparizou
33%
1984 Sweden Herreys
33%
2016 Ukraine Jamala
33%
2022 Ukraine Kalush Orchestra
33%
1969 (Tie) Netherlands Lenny Kuhr
33%
2006 Finland Lordi
33%
1969 (Tie) United Kingdom Lulu
33%
1956 Switzerland Lys Assia
33%
2002 Latvia Marie N
33%
1979 Israel Milk and Honey
33%
2018 Israel Netta
33%
1993 Ireland Niamh Cavanaugh
33%
1982 Germany Nicole
33%
2000 Denmark Olsen Brothers
33%
1994 Ireland Paul Harrington and Charlie McGettigan
33%
1989 Yugoslavia Riva
33%
2004 Ukraine Ruslana
33%
1986 Belgium Sandra Kim
33%
1995 Norway Secret Garden
33%
2003 Turkey Sertab Erener
33%
2001 Estonia Tanel Padar, Dave Benton and 2XL
33%
1966 Austria Udo Jurgens
33%
1958 France Andre Claveau
0%
1973 Luxembourg Anne-Marie David
0%
1983 Luxembourg Corinne Hermes
0%
1957 Netherlands Corry Brokken
0%
2011 Azerbaijan Eli and Nikki
0%
2013 Denmark Emmelie de Forrest
0%
1965 Luxembourg France Gall
0%
1969 (Tie) France Frida Boccara
0%
1964 Italy Gigliola Cinquetti
0%
1963 Denmark Grethe and Jorgen Ingmann
0%
1962 France Isabelle Aubret
0%
1978 Israel Izhar Cohen and the Alphabeta
0%
1960 France Jacqueline Boyer
0%
1961 Luxembourg Jean-Claude Pascal
0%
2015 Sweden Mans Zemerlow
0%
1977 France Marie Myriam
0%
2007 Serbia Marija Serfovic
0%
1968 Spain Massiel
0%
1969 (Tie) Spain Salome
0%
2017 Portugal Salvador Sobral
0%
1971 Monaco Severine
0%
1975 Netherlands Teach-In
0%
1959 Netherlands Teddy Scholten
0%
1990 Italy Toto Cutugno
0%
1972 Luxembourg Vicky Leandros
0%
No matching quizzes found
Score Distribution
Percent of People with Each Score
Percentile by Number Answered
Your Score History
You have not taken this quiz since the last reset